000 00404nam a2200133Ia 4500
008 240719s9999 xx 000 0 und d
041 _aeng
082 _a828 THA
100 _aTharoor Shashi
245 _aThe Less You Preach The More You Learn Aphorisms for Our Age
260 _aNew Dehli
_bRupa Publication India
_c2023
300 _a182.; P. 22 cm
520 _aFaculty Purchase By Dr. Jitendra Sharma
999 _c41468
_d41468